70 dates de l'histoire turque programme ENS - Statistiques

Statistiques générales
  • Ce quiz a été pris 8 fois
  • Le résultat moyen est 33 sur 70
Statistiques - réponses
Hint Réponse % Correct
Traité de Lausanne 1923
71%
Proclmation d'indépendance 1923
71%
abolition califat 1924
71%
Constitution turque 1924
71%
Affaire religieuse < Ministère Int 1924
71%
Pogrom en Thrace 1934
71%
droit de vote des femmes 1934
71%
Sainte Sophie musée 1934
71%
Le shah est reçu à Ankara 1934
71%
Système patronymique européen 1934
71%
Atatürk devient le nom de Kemal 1934
71%
nouvelle constitution turque 1937
71%
appel désobéir sultan 1919
57%
Traité de Sèvres 1920
57%
Accords de San Ramo 1920
57%
pacte amitié URSS 1921
57%
fin du sultanat 1922
57%
Incendie Izmir 1922
57%
interdiction du soufisme 1925
57%
pouvoirs exceptionnels GANT 1925
57%
Interdiction soufisme 1925
57%
Loi contre réac. religieuse 1925
57%
adoption calendrier grégorien 1925
57%
Révolte du Cheik Said 1925
57%
code civil / pénal 1926
57%
Interdiction du Fez 1926
57%
accélération du culte perso 1926
57%
Alphabet latin 1928
57%
miss monde turque 1932
57%
Turquie SDN 1932
57%
Création des maisons du peuple 1932
57%
Fondation revue Kardo 1932
57%
Institut de la langue turque 1932
57%
convention de montreux 1936
57%
Pluralité des partis 1946
57%
Recensement en Turquie 1927
43%
H. Jansen propose plan Ankara 1927
43%
Nouveau nom = Istanbul 1930
43%
6 flèches de la Révolution 1931
43%
Lignes fondamentales Hist. T. 1931
43%
adoption système métrique 1931
43%
Révolte du Dersim 1938
43%
mort kemal 1938
43%
Annexion Hatay 1939
43%
1er coup d'Etat 1960
43%
2e coup d'Etat 1980
43%
Gouv Anap (début) 1983
43%
Pouvoir rendu civil après 2e CE 1983
43%
Dernier coup d'Etat 1997
43%
Tremblement de terre 1999
43%
Öcalan arrêté 1999
43%
Victoire AKP 2002
43%
crise réfugiés syriens 2011
43%
Plan Marshall 1949
29%
M. Makal, un village anatolien 1950
29%
Fin crise des détroits 1953
29%
Accords d'Ankara 1963
29%
Fondation du PKK 1978
29%
Gouv. Anap (fin) 1991
29%
Erdogan condamné 1998
29%
conseil de sécurité civil 2004
29%
Reprise conflit kurdistan 2004
29%
Nouveau code Pénal 2004
29%
Plan d'action vs forces réac 2009
29%
fin interdiction voile univ 2008
14%
nb généraux en prison 50
0%
Taille armée 1990 800 000
0%
Fille Kemal Docteure Afet Inan
0%
Nom mouv.islam + modernité Nurçu
0%
Fille Kemal aviatrice S.Gökçen
0%
Aucun quiz correspondant
Distribution des résultats
% des personnes avec chaque résultat
Percentile par nombre de réponses
Votre historique - résultats
Vous n’avez pas pris ce quiz